Historical Flag Trivia Quiz - Statistics

General Stats
  • This quiz has been taken 31 times
  • The average score is 11 of 25
Answer Stats
Picture Answer % Correct
People's Socialist Republic of Albania (1946-1992)
100%
Dominion of Canada (1867-1965)
90%
Republic of Colombia (1819-1831)
90%
Ottoman Empire (1517-1793)
75%
Kingdom of Montenegro (1910-1918)
70%
Kingdom of Afghanistan (1926-1928)
60%
Kingdom of Laos (1952-1975)
60%
Orange Free State (1854-1902)
55%
Republic of Rhodesia (1965-1979)
50%
Vermont Republic (1777-1791)
50%
Federal Republic of Central America (1823-1841)
45%
Free City of Danzig (1920-1939)
45%
Kingdom of Sardinia (1720-1861)
40%
Republic of Upper Volta (1958-1984)
35%
Republic of The Sudan (1956-1970)
30%
Emirate of Cyrenaica (1949-1951)
25%
People's Republic of the Congo (1969-1992)
25%
Republic of Ragusa (1358-1808)
25%
Cretan State (1898-1913)
20%
Republic of Guatemala (1851-1858)
20%
Sultanate of Aceh (1496-1903)
20%
Far Eastern Republic (1920-1922)
15%
Republic of Tarnobrzeg (1918-1919)
15%
Somaliland Protectorate (1903-1950)
15%
Tangier International Zone (1945-1956)
15%
No matching quizzes found
Score Distribution
Percent of People with Each Score
Percentile by Number Answered
Your Score History
You have not taken this quiz